| 000 | 00837cab a2200253 4500 | ||
|---|---|---|---|
| 001 | WB3504-15 | ||
| 008 | 090401t1999 xxu||||| |||| 00| 0 eng d | ||
| 035 | _a(Sirsi) u90941 | ||
| 041 | _aeng | ||
| 245 | _aBig boost for coalfield communities | ||
| 260 | _c1999 | ||
| 350 | _a0 | ||
| 490 |
_aDETR News Release _v(62) 24 January 1999 (2) |
||
| 520 | _aThe Coalfield Regeneration Trust will inject £50m into British coalfield communities over the next three years. The funds will be used to increase regeneration in areas affected by pit closures. | ||
| 650 | _aCOAL MINING AREAS | ||
| 650 | _aCOALFIELD COMMUNITIES | ||
| 650 | _aCOALFIELD REGENERATION TRUST | ||
| 650 | _aCOALFIELDS | ||
| 650 | _aPIT CLOSURES | ||
| 650 | _aREGENERATION | ||
| 690 | _aPROPERTY-PROPERTY DEVELOPMENT | ||
| 942 | _n0 | ||
| 948 | _c27/01/1999 | ||
| 999 |
_c57695 _d57695 |
||